000 00581nam a2200133 a 4500
008 080429s2000 ||||||||||||||||| || u
050 _aTHESIS
100 _aKabanda Brighton
245 1 0 _aProposed Mpongwe Civic Centre
_cthesis supervised by Dr. A. Malama
260 _aKitwe
_bCopperbelt University, School of Built Environment, Department of Architecture
_c2000
350 _a0.00
650 _aARCHITECTURAL DESIGN--EVALUATION
995 _D0.00
_FCBU-MAIN LIBRARY (Kitwe)
_H1
_I0.00
_M1
_UAVAILABLE
_WApr 29, 2008
_ZUniversity Collection
999 _c55144
_d55144